000
00245nam a2200085Ia 4500
245
0
_a
Firmin : adventures of a metropolitan lowlife
100
_a
SAVAGE, Sam London, 2009
_9
82219
942
_c
BK
008
210817s9999 xx 000 0 und d
999
_c
296342
_d
296340